书目信息 |
| 题名: |
世界电影美学思潮史纲
|
|
| 作者: | 罗慧生 著 | |
| 分册: | ||
| 出版信息: | 太原 山西人民出版社 1985 |
|
| 页数: | 486页 | |
| 开本: | 32开 | |
| 丛书名: | ||
| 单 册: | ||
| 中图分类: | J901 | |
| 科图分类: | ||
| 主题词: | 电影 , 电视--艺术 | |
| 电子资源: | ||
| ISBN: | ||
| 000 | 00560nam0 2200205 45 | |
| 001 | 0110060831 | |
| 005 | 20031219104050.9 | |
| 010 | @dCNY3.65 | |
| 100 | @a20011006d1985 km y0chiy0120 ea | |
| 101 | 0 | @achi |
| 105 | @a z 000yy | |
| 200 | 1 | @a世界电影美学思潮史纲@AShi Jie Dian Ying Mei Xue Si Chao Shi Gang@f罗慧生著@FLuo Hui Sheng Zhu |
| 210 | @a太原@c山西人民出版社@d1985 | |
| 215 | @a486页@d32开 | |
| 606 | 0 | @a电影 |
| 606 | 0 | @a电视@x艺术 |
| 690 | @aJ901@v4 | |
| 701 | @a罗慧生@4著 | |
| 801 | @aCN@bTSTC@c20011006 | |
| 905 | @f5@b299103-107@dJ901@e67 | |
| 世界电影美学思潮史纲/罗慧生著.-太原:山西人民出版社,1985 |
| 486页;32开 |
| ISBN :CNY3.65 |
| ● |
| 相关链接 |
|
|
|
|
正题名:世界电影美学思潮史纲
索取号:J901/67
 
预约/预借
| 序号 | 登录号 | 条形码 | 馆藏地/架位号 | 状态 | 备注 |
| 1 | 0299103 | 202991030 | 第一借阅区/ [索取号:J901/67] | 在馆 | |
| 2 | 0299104 | 202991049 | 第一借阅区/ [索取号:J901/67] | 在馆 | |
| 3 | 0299105 | 202991058 | 第一借阅区/ [索取号:J901/67] | 在馆 | |
| 4 | 0299106 | 202991067 | 第一借阅区/ [索取号:J901/67] | 在馆 | |
| 5 | 0299107 | 202991076 | 第一样本阅览室/ [索取号:J901/67] | 在馆 |